Swingin' Party lyrics -- The Replacements - Statistics

General Stats
  • This quiz has been taken 17 times
  • The average score is 77 of 128
Answer Stats
Lyrics % Correct
I
100%
party
100%
swingin'
100%
the
100%
a
90%
down
90%
if
90%
is
90%
your
90%
at
80%
be
80%
in
80%
it
80%
line
80%
this
80%
we
80%
it's
70%
when
70%
with
70%
being
60%
Bring
60%
by
60%
can't
60%
crime
60%
feather
60%
help
60%
lampshade
60%
own
60%
room
60%
side
60%
somewhere
60%
then
60%
there's
60%
to
60%
afraid
50%
ending
50%
forever
50%
hang
50%
here
50%
I'm
50%
need
50%
never
50%
remember
50%
started
50%
all
40%
and
40%
around
40%
how
40%
jail
40%
kind
40%
now
40%
plenty
40%
serving
40%
enough
30%
going
30%
pass
30%
quitting
30%
strong's
30%
there'll
30%
wrong's
30%
fishing
20%
losing
20%
pavement
20%
prairie
20%
proposition
20%
school
20%
swim
20%
water
20%
work
20%
learning
10%
pounding
0%
No matching quizzes found
Score Distribution
Percent of People with Each Score
Percentile by Number Answered
Your Score History
You have not taken this quiz